000
00346nam a2200133Ia 4500
008
151001s9999||||xx |||||||||||||| ||und||
100
_a
ना सी फडके
245
_a
हसू आणि आसू
250
_a
1
260
_b
कुलकर्णी पंडित अनंत
260
_c
1950
300
_a
226
365
_b
7
999
_c
953254
_d
953251